Les personnages de Psych par images - Statistiques

Statistiques générales
  • Ce quiz a été pris 32 fois
  • Le résultat moyen est 10 sur 18
Statistiques - réponses
Par images Réponse % Correct
Shawn Spencer
97%
Henry Spencer
90%
Juliet O'Hara
90%
Burton Guster
87%
Carlton Lassiter
77%
Yang
65%
Woody
61%
Buzz McNab
58%
Karen Vick
58%
Madeleine Spencer
55%
Ying
52%
Ewan O'Hara
48%
Pierre Despereaux
29%
Abigail Lytar
19%
Marlowe Viccellio
19%
Harry Trout
16%
Rachael
16%
Mary Lightly
13%
Aucun quiz correspondant
Distribution des résultats
% des personnes avec chaque résultat
Percentile par nombre de réponses
Votre historique - résultats
Vous n’avez pas pris ce quiz